<?xml version="1.0" encoding="UTF-8"?>
<marc:record xmlns:marc="http://www.loc.gov/MARC21/slim">
   <marc:leader>00000nam a2200000 a 4500</marc:leader>
   <marc:datafield ind1="1" ind2=" " tag="100">
      <marc:subfield code="a">Förg, Nicola</marc:subfield>
      <marc:subfield code="4">aut</marc:subfield>
      <marc:subfield code="e">Verfasser/-in</marc:subfield>
   </marc:datafield>
   <marc:datafield ind1="0" ind2="0" tag="245">
      <marc:subfield code="a">Wütende Wölfe</marc:subfield>
   </marc:datafield>
   <marc:datafield ind1="0" ind2="0" tag="245">
      <marc:subfield code="b">Ein Alpen-Krimi</marc:subfield>
   </marc:datafield>
   <marc:datafield ind1=" " ind2="1" tag="264">
      <marc:subfield code="b">Pendo</marc:subfield>
      <marc:subfield code="c">2019</marc:subfield>
   </marc:datafield>
   <marc:datafield ind1="1" ind2=" " tag="490">
      <marc:subfield code="a">Irmi Mangold</marc:subfield>
   </marc:datafield>
   <marc:datafield ind1="1" ind2=" " tag="520">
      <marc:subfield code="a">Ihre Auszeit auf einer Alm hat sich Kommissarin Irmi Mangold definitiv anders vorgestellt. Nach ihrem letzten aufwühlenden Fall wollte sie Kraft tanken. Doch schon in der ersten Nacht geraten die Tiere in Panik, und am nächsten Morgen finden sich seltsame Pfotenabdrücke. Wenig später wird eine Frau von den Kühen überrannt. Das Gerücht, ein Wolf hätte die Herde erschreckt, macht die Runde...</marc:subfield>
   </marc:datafield>
   <marc:datafield ind1=" " ind2=" " tag="020">
      <marc:subfield code="a">9783866124202</marc:subfield>
      <marc:subfield code="9">9783866124202</marc:subfield>
   </marc:datafield>
</marc:record>
